IEEE Security & privacy vol - 6 , (Record no. 59917)

MARC details
000 -LEADER
fixed length control field 00372pam a2200145 a 4500
020 ## - INTERNATIONAL STANDARD BOOK NUMBER
Terms of availability
041 ## - LANGUAGE CODE
Language code of text/sound track or separate title eng
082 ## - DEWEY DECIMAL CLASSIFICATION NUMBER
Classification number 050
Item number DON
100 ## - MAIN ENTRY--PERSONAL NAME
Personal name Donner m ,
Relator term Author .
245 ## - TITLE STATEMENT
Title IEEE Security & privacy vol - 6 ,
Medium Bound Volumes
260 ## - PUBLICATION, DISTRIBUTION, ETC.
Place of publication, distribution, etc. [s.l]:
Name of publisher, distributor, etc. IEEE Computer Society ,
Date of publication, distribution, etc. 2008.
300 ## - PHYSICAL DESCRIPTION
Other physical details Hb;
Dimensions 28*20.
653 ## - INDEX TERM--UNCONTROLLED
Uncontrolled term General serial publications
930 ## - EQUIVALENCE OR CROSS-REFERENCE-UNIFORM TITLE HEADING [LOCAL, CANADA]
Uniform title 16696
Holdings
Withdrawn status Lost status Damaged status Not for loan Collection Home library Current library Date acquired Source of acquisition Total Checkouts Full call number Barcode Date last seen Copy number Price effective from Koha item type
        EWP College of Engineering for Women, Pune College of Engineering for Women, Pune 29/01/2016 IEEE Computer Society ,   050 DON EWP-j593 24/02/2023 1 24/02/2023 Book